عرض عادي عرض مارك
  • Rainer, R. Kelly

مدخل إسم شخص

عدد التسجيلات المستخدمة في: 2

001 - رقم الضبط

  • حقل الضبط: 36423

003 - معرف رقم الضبط

  • حقل الضبط: OSt

005 - تاريخ ووقت أخر عملية

  • حقل الضبط: 20130804171950.0

008 - عناصر بيانات ثابتة الطول

  • حقل تحكم ثابت الطول: 130804|||a|||||| | ||| d

040 ## - مصدر الفهرسة

  • هيئة الفهرسة الأصلية: OSt
  • وكالة الكتابة: OSt

100 ## - مدخل -- أسم شخص

  • إسم شخص: Rainer, R. Kelly
  • الشكل الكامل للاسم: (Rex Kelly)

670 ## - بيانات المصدر موجوده

  • الاستشهاد بالمصدر: Work cat.: (OSt)0: Rainer, R. Kelly (Rex Kelly), Introduction to information systems /, c2013.